Devinez le Pays Mystère #94 - Statistiques

Statistiques générales
  • Ce quiz a été pris 308 fois
  • Le résultat moyen est 11 sur 15
Statistiques - réponses
Type de Réponse Réponse % Correct
Lettre Trouvée E
100%
Lettre Bien Placée E
99%
Lettre Trouvée A
94%
Lettre Trouvée N
94%
Lettre Trouvée I
93%
Lettre Trouvée R
87%
Lettre Trouvée L
82%
Lettre Bien Placée A
81%
Lettre Bien Placée N
70%
Lettre Bien Placée R
60%
Lettre Bien Placée L
56%
Lettre Trouvée D
53%
Lettre Bien Placée D
52%
Lettre Bien Placée I
50%
Pays Mystère Irlande
49%
Aucun quiz correspondant
Distribution des résultats
% des personnes avec chaque résultat
Percentile par nombre de réponses
Votre historique - résultats
Vous n’avez pas pris ce quiz